[Event "ICS Rated blitz match"]
[Site "207.99.83.229"]
[Date "1999.06.25"]
[Round "?"]
[White "JudgeTurpin"]
[Black "Hossa"]
[Result "1-0"]
[WhiteElo "2541"]
[BlackElo "2385"]
[PlyCount "120"]

1. d4 Nf6 2. c4 e6 3. Nc3 Bb4 4. Qc2 c5 5. dxc5 O-O 6. a3 Bxc5 7. Nf3 Nc6 8.
Bg5 Nd4 9. Nxd4 Bxd4 10. e3 Qa5 11. exd4 Qxg5 12. g3 Qg4 13. Qd1 Qxd1+ 14. Rxd1
d5 15. c5 Re8 16. Nb5 e5 17. Nc7 Bg4 18. Nxe8 Rxe8 19. Bb5 Bxd1 20. Kxd1 Rc8
21. Ke2 exd4 22. Rc1 Ne4 23. c6 bxc6 24. Rxc6 Rb8 25. a4 Ng5 26. Rd6 Ne6 27.
Rxd5 Rc8 28. b4 g6 29. Rd7 Rc7 30. Kd3 Rc3+ 31. Ke4 Rb3 32. Bc4 Rxb4 33. Bxe6
fxe6 34. Rxa7 h6 35. f4 g5 36. a5 gxf4 37. gxf4 d3+ 38. Kxd3 Rxf4 39. Re7 Rh4
40. a6 Rh3+ 41. Ke4 Kf8 42. Rc7 Rxh2 43. Rc8+ Kf7 44. a7 Rh4+ 45. Ke5 Rh5+ 46.
Kd4 Rd5+ 47. Ke4 Ra5 48. a8=Q Rxa8 49. Rxa8 Kf6 50. Rf8+ Kg7 51. Rb8 Kf6 52.
Rb5 e5 53. Rxe5 Kg6 54. Re6+ Kg5 55. Kf3 h5 56. Re5+ Kg6 57. Kf4 h4 58. Re3 Kf6
59. Kg4 Kg6 60. Rf3 60... h3 {Hossa resigns} 1-0

[Event "ICS Rated blitz match"]
[Site "207.99.83.229"]
[Date "1999.06.25"]
[Round "?"]
[White "Hossa"]
[Black "JudgeTurpin"]
[Result "0-1"]
[WhiteElo "2376"]
[BlackElo "2550"]
[PlyCount "86"]

1. e4 e5 2. f4 exf4 3. Nf3 g5 4. h4 g4 5. Ng5 h6 6. Nxf7 Kxf7 7. Bc4+ d5 8.
Bxd5+ Kg7 9. d4 Nf6 10. Bxf4 Bd6 11. O-O Bxf4 12. Rxf4 Nxd5 13. exd5 Qxh4 14.
Qe2 Qg5 15. Qe5+ Qxe5 16. dxe5 Rf8 17. Rxf8 Kxf8 18. Nc3 Ke7 19. Re1 c6 20. Kf2
Bf5 21. Kg3 Nd7 22. Re2 Rf8 23. a4 Nb6 24. dxc6 bxc6 25. b3 Ke6 26. Nd1 Nd5 27.
c3 Rb8 28. b4 Rc8 29. Re1 c5 30. b5 Rd8 31. c4 Nc3 32. Ne3 Bd3 33. a5 Ne2+ 34.
Kh4 g3 35. b6 axb6 36. axb6 Kxe5 37. Ng4+ Kd4 38. Rf1 Rb8 39. Rf6 Bxc4 40. Nxh6
Bd5 41. Rg6 Rh8 42. Kg4 Bxg2 43. Nf5+ 43... Kd3 {Hossa resigns} 0-1

[Event "ICS Rated blitz match"]
[Site "207.99.83.229"]
[Date "1999.06.25"]
[Round "?"]
[White "JudgeTurpin"]
[Black "Hossa"]
[Result "1-0"]
[WhiteElo "2559"]
[BlackElo "2367"]
[PlyCount "114"]

1. Nf3 Nf6 2. g3 d5 3. Bg2 e6 4. O-O Be7 5. d3 O-O 6. Nbd2 Nc6 7. e4 e5 8. exd5
Qxd5 9. Nc4 e4 10. Nfd2 Bg4 11. Bxe4 Qh5 12. f3 Be6 13. Bxc6 Qc5+ 14. Kg2 Qxc6
15. Ne5 Qd5 16. Re1 Rae8 17. c4 Qd8 18. Nb3 Nd7 19. f4 Nxe5 20. fxe5 f6 21. Bf4
fxe5 22. Rxe5 Bf6 23. Re2 Qd7 24. Qd2 g5 25. Be3 Bh3+ 26. Kg1 Qg4 27. Rf2 Bg7
28. Re1 Rxf2 29. Bxf2 Rxe1+ 30. Qxe1 Bxb2 31. Nd2 b6 32. Qe8+ Kg7 33. Qe7+ Kh6
34. Be3 Bd4 35. Nf3 Bxe3+ 36. Qxe3 c5 37. Kh1 Qf5 38. a3 Qf6 39. Qf2 Bd7 40.
Kg1 Qa1+ 41. Qe1 Qxa3 42. h4 Kh5 43. g4+ Kxg4 44. Ne5+ Kh5 45. Qe2+ g4 46. Nxd7
Qa1+ 47. Kg2 Qg7 48. Qe6 Kxh4 49. Nf6 h5 50. Qe5 Qf7 51. Kh2 Qg6 52. Ne4 g3+
53. Kg2 Kg4 54. Nf6+ Qxf6 55. Qxf6 h4 56. Qg7+ Kf4 57. Qxa7 57... Ke3 {
Hossa resigns} 1-0

[Event "ICS Rated blitz match"]
[Site "207.99.83.229"]
[Date "1999.06.25"]
[Round "?"]
[White "Hossa"]
[Black "JudgeTurpin"]
[Result "0-1"]
[WhiteElo "2359"]
[BlackElo "2567"]
[PlyCount "47"]

1. e4 e5 2. f4 exf4 3. Nf3 d5 4. e5 g5 5. h3 d4 6. Bb5+ Bd7 7. Nxd4 Bxb5 8.
Nxb5 a6 9. N5c3 Nc6 10. O-O Bg7 11. Kh1 h6 12. d3 Bxe5 13. Re1 Nge7 14. Ne4 O-O
15. h4 f5 16. Nxg5 hxg5 17. hxg5 Kf7 18. c3 Rh8+ 19. Kg1 Bd4+ 20. cxd4 Qxd4+
21. Be3 fxe3 22. Qe2 Nb4 23. Na3 Ned5 24. Nc4 {Hossa resigns} 0-1

[Event "ICS rated blitz match"]
[Site "207.99.83.229"]
[Date "1999.06.25"]
[Round "?"]
[White "JudgeTurpin"]
[Black "Hossa"]
[Result "1-0"]
[WhiteElo "2574"]
[BlackElo "2352"]
[PlyCount "92"]

1. d4 Nf6 2. c4 e6 3. Nc3 Bb4 4. e3 O-O 5. Bd3 c5 6. Nf3 d5 7. O-O dxc4 8. Bxc4
Nbd7 9. Qe2 Qe7 10. Na4 e5 11. a3 Ba5 12. Nxc5 Nxc5 13. dxc5 e4 14. Nd4 Bg4 15.
Qc2 Rfd8 16. b4 Bc7 17. Nb5 Be5 18. Bb2 Bh5 19. Bxe5 Qxe5 20. Nd6 Qe7 21. Rac1
a5 22. Rfe1 axb4 23. axb4 Ra3 24. Qb2 Raa8 25. Ra1 Ng4 26. Rxa8 Rxa8 27. Bd5
Rd8 28. Nf5 Qg5 29. Bxe4 Rb8 30. h3 Qf6 31. Qe2 Qe5 32. hxg4 Qxe4 33. Ng3 Qxb4
34. Nxh5 Qxc5 35. Ra1 Qe5 36. Rb1 b5 37. Nf4 Qc5 38. Nd3 Qc4 39. Rb4 Qc3 40.
Rd4 Qa1+ 41. Qf1 Qa7 42. g5 Qe7 43. Rd5 Qe4 44. Re5 Qg4 45. Qb1 Qd7 46. Qb3
46... Qb7 {Hossa resigns} 1-0

[Event "ICS rated blitz match"]
[Site "207.99.83.229"]
[Date "1999.06.25"]
[Round "?"]
[White "Hossa"]
[Black "MissSilicon"]
[Result "0-1"]
[WhiteElo "2345"]
[BlackElo "2563"]
[PlyCount "97"]

1. d4 Nf6 2. c4 e5 3. dxe5 Ng4 4. Qd4 h5 5. Nf3 Nc6 6. Qe4 Bc5 7. e3 Qe7 8.
Nbd2 Ngxe5 9. Be2 d6 10. O-O g6 11. Nxe5 dxe5 12. Nb3 Bf5 13. Qd5 Bb6 14. c5
Be6 15. Qe4 Bxb3 16. Bb5 Qxc5 17. Bxc6+ bxc6 18. axb3 O-O 19. Qh4 Rfd8 20. e4
Qc2 21. Bh6 Rd6 22. b4 Qxb2 23. Rab1 Qd4 24. Bc1 f6 25. Bh6 Qc3 26. Rfc1 Qd3
27. Re1 Kh7 28. Be3 Rad8 29. Ra1 Qb5 30. Reb1 Qxb4 31. h3 Qc3 32. Rc1 Qb2 33.
Bxb6 axb6 34. Rf1 Kh6 35. Ra7 g5 36. Qg3 Rd3 37. f3 Rd1 38. Re1 Qd4+ 39. Kf1
Qd3+ 40. Kg1 Qe3+ 41. Kf1 R8d2 42. Ra1 Qe2+ 43. Kg1 h4 44. Rexd1 Rxd1+ 45. Rxd1
Qxd1+ 46. Kh2 hxg3+ 47. Kxg3 Qg1 48. Kg4 Kg6 49. Kg3 {Hossa resigns} 0-1

[Event "ICS Rated standard match"]
[Site "207.99.83.229"]
[Date "1999.06.25"]
[Round "?"]
[White "Botvinik"]
[Black "Hossa"]
[Result "0-1"]
[WhiteElo "1853"]
[BlackElo "2215"]
[PlyCount "48"]

1. e4 e5 2. Nf3 Nc6 3. Bb5 Nf6 4. O-O Nxe4 5. d4 exd4 6. Re1 d5 7. Nxd4 Bd7 8.
f3 Nxd4 9. Bxd7+ Kxd7 10. fxe4 Qh4 11. g3 Qf6 12. Rf1 Qe5 13. Bf4 Qxe4 14. Nc3
Ne2+ 15. Nxe2 Bc5+ 16. Rf2 Bxf2+ 17. Kxf2 Rad8 18. Nc3 Qf5 19. Nxd5 Qh3 20.
Nb6+ Ke8 21. Qe2+ Kf8 22. Re1 Qxh2+ 23. Kf3 Qxe2+ 24. Rxe2 24... cxb6 {
Botvinik resigns} 0-1

[Event "ICS Rated standard match"]
[Site "207.99.83.229"]
[Date "1999.06.25"]
[Round "?"]
[White "titanic"]
[Black "Hossa"]
[Result "0-1"]
[WhiteElo "1945"]
[BlackElo "2219"]
[PlyCount "75"]

1. e4 c5 2. c3 e6 3. d4 d5 4. exd5 exd5 5. Nf3 Nc6 6. Bb5 cxd4 7. Nxd4 Qe7+ 8.
Be3 Bd7 9. O-O O-O-O 10. a4 Ne5 11. Bxd7+ Rxd7 12. Nb5 a6 13. Qd4 Nc4 14. Re1
Rd8 15. Na7+ Kd7 16. Qxd5+ Nd6 17. Na3 Nf6 18. Qb3 Qe6 19. Qb6 Nd5 20. Qa5 Nxe3
21. Rxe3 Qb3 22. c4 Qxb2 23. Rd1 Re8 24. Red3 Re5 25. c5 Ke6 26. cxd6 Rxa5 27.
Nc4 Qb4 28. d7 Bc5 29. Nxa5 Qxa5 30. d8=Q Rxd8 31. Rxd8 Bxa7 32. R8d6+ Ke5 33.
g3 Qxa4 34. R1d5+ Ke4 35. Rd2 Bc5 36. Rd7 Qc4 37. Kg2 b5 38. Re2+ {
titanic resigns} 0-1

[Event "ICS rated blitz match"]
[Site "207.99.83.229"]
[Date "1999.06.25"]
[Round "?"]
[White "GIRONA"]
[Black "Hossa"]
[Result "0-1"]
[WhiteElo "2134"]
[BlackElo "2317"]
[PlyCount "46"]

1. e4 c5 2. Nf3 d6 3. d4 cxd4 4. Nxd4 Nf6 5. Nc3 a6 6. Bc4 e6 7. Bb3 Be7 8. Be3
O-O 9. Qe2 b5 10. f3 b4 11. Na4 Bd7 12. a3 Nc6 13. axb4 Nxd4 14. Bxd4 e5 15.
Bb6 Qb8 16. Qe3 d5 17. exd5 Bxb4+ 18. Kf2 Rc8 19. Rhd1 a5 20. c3 Bd6 21. c4
Bxa4 22. Rxa4 Nd7 23. c5 23... Nxc5 {GIRONA resigns} 0-1

[Event "ICS rated blitz match"]
[Site "207.99.83.229"]
[Date "1999.06.25"]
[Round "?"]
[White "Hossa"]
[Black "mishah"]
[Result "1-0"]
[WhiteElo "2325"]
[BlackElo "1968"]
[PlyCount "65"]

1. e4 c6 2. d4 d5 3. exd5 cxd5 4. Nf3 Nf6 5. Bd3 Nc6 6. O-O Bg4 7. c3 e6 8.
Nbd2 Bd6 9. h3 Bxf3 10. Nxf3 O-O 11. Qe2 h6 12. Bd2 Qc7 13. Qe3 Rae8 14. Rae1
e5 15. Nxe5 Bxe5 16. dxe5 Rxe5 17. Qg3 Qe7 18. Rxe5 Qxe5 19. Bxh6 Qxg3 20. fxg3
Ne5 21. Bc2 Nh5 22. Rf5 Nxg3 23. Rg5 Ng6 24. Bxg7 Kxg7 25. Rxg3 Re8 26. Kf2 Kh6
27. Rf3 Re7 28. Bb3 Rd7 29. Rf5 Ne7 30. Rxf7 Kg6 31. Bxd5 Rxd5 32. Rxe7 Rd2+
33. Re2 {mishah resigns} 1-0

[Event "ICS rated blitz match"]
[Site "207.99.83.229"]
[Date "1999.06.25"]
[Round "?"]
[White "musician"]
[Black "Hossa"]
[Result "0-1"]
[WhiteElo "2069"]
[BlackElo "2329"]
[PlyCount "49"]

1. e4 c5 2. d4 cxd4 3. c3 Nf6 4. e5 Nd5 5. Nf3 d6 6. cxd4 dxe5 7. Nc3 Nxc3 8.
bxc3 exd4 9. cxd4 Nc6 10. Be2 e6 11. O-O Be7 12. Bb2 O-O 13. Rc1 Qd5 14. Bc4
Qh5 15. Qd3 Na5 16. Bb5 Qd5 17. Rfe1 Qxa2 18. Re2 Qd5 19. Re5 Qd6 20. Rh5 h6
21. Ba4 Qb6 22. Bc2 f5 23. Qd2 Qxb2 24. Rxh6 Nc4 25. Qd3 {musician resigns} 0-1

[Event "ICS rated blitz match"]
[Site "207.99.83.229"]
[Date "1999.06.25"]
[Round "?"]
[White "musician"]
[Black "Hossa"]
[Result "0-1"]
[WhiteElo "2063"]
[BlackElo "2335"]
[PlyCount "74"]

1. e4 c5 2. Nc3 e6 3. g3 d5 4. exd5 exd5 5. d4 Nf6 6. Bg5 Be7 7. dxc5 O-O 8.
Bg2 Nc6 9. Nge2 Re8 10. O-O Bg4 11. h3 Be6 12. Nd4 Bxc5 13. Nxe6 fxe6 14. Qd2
Rf8 15. Rae1 Qd6 16. a3 Qxg3 17. Rxe6 Nd7 18. Be3 Bxe3 19. Qxe3 Qb8 20. Bxd5
Kh8 21. Ne4 Qc7 22. Ng5 Rf4 23. Nf7+ Rxf7 24. Rxc6 bxc6 25. Bxf7 Ne5 26. Bh5
Rf8 27. f4 Nc4 28. Qd4 Qb6 29. Qxb6 axb6 30. Bf3 c5 31. b3 Nxa3 32. Be4 Nb5 33.
Kg2 Nc3 34. Bd3 b5 35. Kf3 b4 36. Kg4 Nd5 37. h4 37... Ne3+ {musician resigns}
0-1

[Event "ICS rated blitz match"]
[Site "207.99.83.229"]
[Date "1999.06.25"]
[Round "?"]
[White "Hossa"]
[Black "chessbeetle"]
[Result "1-0"]
[WhiteElo "2341"]
[BlackElo "1955"]
[PlyCount "61"]

1. e4 c5 2. Nf3 Nc6 3. Bb5 g6 4. Nc3 Bg7 5. O-O e6 6. d3 Nge7 7. Bg5 O-O 8.
Bxc6 bxc6 9. Qd2 d5 10. Bh6 Rb8 11. Bxg7 Kxg7 12. Rab1 f5 13. exd5 cxd5 14. Na4
Qd6 15. Qc3+ Kg8 16. Nxc5 d4 17. Qxd4 Qxd4 18. Nxd4 Kf7 19. Rfe1 Rb6 20. c3 Nd5
21. Rbc1 Kf6 22. b4 e5 23. Nf3 Re8 24. d4 e4 25. Ne5 Re7 26. a3 g5 27. Nc4 Rc6
28. b5 Rcc7 29. Nd6 Bd7 30. c4 Nf4 31. Na6 {chessbeetle resigns} 1-0

[Event "ICS rated blitz match"]
[Site "207.99.83.229"]
[Date "1999.06.25"]
[Round "?"]
[White "Tanstaafl"]
[Black "Hossa"]
[Result "0-1"]
[WhiteElo "1975"]
[BlackElo "2344"]
[PlyCount "68"]

1. d4 Nf6 2. Nc3 d5 3. e4 dxe4 4. f3 exf3 5. Nxf3 Bf5 6. Ne5 Nbd7 7. g4 Nxe5 8.
gxf5 Qxd4 9. Bb5+ c6 10. Qxd4 Nf3+ 11. Kf1 Nxd4 12. Ba4 Nxf5 13. Bf4 O-O-O 14.
Rd1 Rxd1+ 15. Nxd1 e6 16. Ne3 Nh5 17. Nxf5 Nxf4 18. Ng3 f6 19. Kf2 Bd6 20. Rd1
Be5 21. c3 Rd8 22. Rxd8+ Kxd8 23. Bc2 h5 24. Nf1 g5 25. h3 Nxh3+ 26. Kg2 Nf4+
27. Kf3 f5 28. Ng3 Ke7 29. Ne2 g4+ 30. Kf2 Nxe2 31. Kxe2 Kf6 32. Kf2 h4 33. Kg2
h3+ 34. Kh1 34... g3 {Tanstaafl resigns} 0-1

[Event "ICS Rated blitz match"]
[Site "207.99.83.229"]
[Date "1999.06.25"]
[Round "?"]
[White "DrLushin"]
[Black "Hossa"]
[Result "0-1"]
[WhiteElo "2001"]
[BlackElo "2347"]
[PlyCount "70"]

1. e4 c5 2. Nc3 e6 3. f4 d5 4. d3 Be7 5. Nf3 d4 6. Ne2 Nf6 7. g3 O-O 8. Bg2 Nc6
9. O-O Qc7 10. h3 Qb6 11. Kh2 Rb8 12. g4 a6 13. Qe1 Qb4 14. Qd1 Ra8 15. a3 Qb6
16. Qe1 c4 17. Qf2 cxd3 18. cxd3 Qb5 19. Rd1 Qa4 20. Bd2 Bd8 21. Nexd4 Nxd4 22.
Qxd4 Qb5 23. Qc3 Qe8 24. Rac1 Bb6 25. Qc2 Qd8 26. Bb4 Re8 27. Ne5 Be3 28. Bd2
Bb6 29. Bb4 a5 30. Bc5 Bc7 31. Be3 Bd6 32. Nxf7 Kxf7 33. e5 Nd5 34. Bxd5 exd5
35. exd6 35... Rxe3 {DrLushin resigns} 0-1

[Event "ICS Rated blitz match"]
[Site "207.99.83.229"]
[Date "1999.06.25"]
[Round "?"]
[White "Hossa"]
[Black "fidelito"]
[Result "1-0"]
[WhiteElo "2360"]
[BlackElo "2360"]
[PlyCount "75"]

1. e4 e5 2. Nf3 Nc6 3. Bb5 Bc5 4. c3 f5 5. Bxc6 dxc6 6. Nxe5 Nf6 7. d4 Bd6 8.
exf5 Bxe5 9. Qe2 Bxf5 10. Qxe5+ Qe7 11. O-O Qxe5 12. dxe5 Nd7 13. f4 O-O-O 14.
Be3 b6 15. Nd2 Nf8 16. a4 Ne6 17. a5 Kb7 18. axb6 cxb6 19. Nc4 Bd3 20. Nd6+
Rxd6 21. exd6 Bxf1 22. Rxf1 Rd8 23. f5 Nf8 24. Bg5 Re8 25. f6 gxf6 26. Rxf6 c5
27. Rf7+ Kc6 28. Be7 Ng6 29. Rxh7 a5 30. d7 Kxd7 31. Bxc5+ Kc6 32. Bd4 Re6 33.
Rf7 Kb5 34. b3 Kc6 35. Kf2 Kd5 36. Rb7 Nf4 37. Rxb6 Re2+ 38. Kf3 {
fidelito resigns} 1-0

[Event "ICS rated standard match"]
[Site "207.99.83.229"]
[Date "1999.06.25"]
[Round "?"]
[White "fridus"]
[Black "Hossa"]
[Result "0-1"]
[WhiteElo "1881"]
[BlackElo "2230"]
[PlyCount "78"]

1. e4 c5 2. Nf3 d6 3. d4 cxd4 4. Nxd4 Nf6 5. Nc3 a6 6. Bd3 e5 7. Nb3 Be7 8. O-O
O-O 9. h3 Nc6 10. Be3 Be6 11. Nd2 Nb4 12. a3 Nxd3 13. cxd3 d5 14. d4 exd4 15.
Bxd4 Nxe4 16. Ndxe4 dxe4 17. Nxe4 Rc8 18. Bc3 f5 19. Qxd8 Rcxd8 20. Ng3 Bd6 21.
Rfe1 Bb3 22. Ne2 Bc5 23. Ng3 g6 24. Ne2 Rfe8 25. Ng3 b5 26. Rxe8+ Rxe8 27. Re1
Rxe1+ 28. Bxe1 Kf7 29. Bc3 Ke6 30. Kf1 Kd6 31. Ne2 Kd5 32. f3 Be3 33. Bg7 h5
34. Nc3+ Ke6 35. Ke2 Bc1 36. Nd1 Bc4+ 37. Kf2 h4 38. Ne3 Bd3 39. g4 39... hxg3+
{fridus resigns} 0-1

[Event "ICS Rated standard match"]
[Site "207.99.83.229"]
[Date "1999.06.25"]
[Round "?"]
[White "MikeCantrell"]
[Black "Hossa"]
[Result "1/2-1/2"]
[WhiteElo "2332"]
[BlackElo "2234"]
[PlyCount "196"]

1. d4 Nf6 2. c4 e5 3. dxe5 Ng4 4. Nf3 Nc6 5. Bg5 Be7 6. Bxe7 Qxe7 7. Nc3 O-O 8.
Nd5 Qd8 9. e3 Ncxe5 10. Nxe5 Nxe5 11. f4 c6 12. fxe5 Qh4+ 13. g3 Qe4 14. Nc7
Rb8 15. Nd5 cxd5 16. Qxd5 Qxe3+ 17. Be2 b5 18. Qd2 Qxd2+ 19. Kxd2 bxc4 20. Kc3
Re8 21. Bxc4 Rxe5 22. Rhe1 Rxe1 23. Rxe1 Kf8 24. Rf1 f6 25. Rf5 Bb7 26. Rb5 Ke7
27. Kd4 Kd6 28. Bd3 h6 29. Rb3 Kc7 30. Ra3 Ra8 31. Bc4 a5 32. Bd5 Bxd5 33. Kxd5
Re8 34. Rc3+ Kd8 35. h3 Re2 36. Ra3 Kc7 37. Rc3+ Kb7 38. Rb3+ Kc8 39. Rc3+ Kb8
40. Rb3+ Ka7 41. Kd6 Re4 42. Kxd7 Ra4 43. a3 Re4 44. Kc6 Re6+ 45. Kd5 Re7 46.
Rb5 Ka6 47. Rc5 Rb7 48. Rc6+ Kb5 49. b3 Rd7+ 50. Rd6 Re7 51. Kd4 Re5 52. Rd5+
Rxd5+ 53. Kxd5 h5 54. Ke6 Kc5 55. b4+ axb4 56. axb4+ Kxb4 57. Kf7 f5 58. h4 g5
59. hxg5 h4 60. gxh4 f4 61. g6 f3 62. g7 f2 63. g8=Q f1=Q+ 64. Kg7 Qg2+ 65. Kh8
Qf3 66. Qb8+ Ka4 67. Qe8+ Kb4 68. h5 Qc3+ 69. Kg8 Qg3+ 70. Qg6 Qb8+ 71. Kh7
Qc7+ 72. Qg7 Qc2+ 73. Kg8 Qc4+ 74. Qf7 Qg4+ 75. Kf8 Qd4 76. Ke8 Kc3 77. Qf3+
Kd2 78. h6 Qh8+ 79. Qf8 Qh7 80. Qg7 Qe4+ 81. Kf7 Qd5+ 82. Kf6 Qf3+ 83. Ke5 Qe3+
84. Kd6 Qb6+ 85. Kd5 Qb5+ 86. Ke4 Qe2+ 87. Kf5 Qf1+ 88. Ke6 Qa6+ 89. Ke5 Qa1+
90. Kf4 Qf1+ 91. Kg5 Qg2+ 92. Kh5 Qh1+ 93. Kg4 Qg2+ 94. Kh4 Qh2+ 95. Kg4 Qg2+
96. Kh4 Qh2+ 97. Kg4 Qg2+ 98. Kh4 98... Qh2+ {Game drawn by repetition} 1/2-1/2

[Event "ICS rated standard match"]
[Site "207.99.83.229"]
[Date "1999.06.25"]
[Round "?"]
[White "Hossa"]
[Black "ZXL2"]
[Result "0-1"]
[WhiteElo "2237"]
[BlackElo "1949"]
[PlyCount "57"]

1. e4 c5 2. Nf3 Nc6 3. Bb5 g6 4. Nc3 Bg7 5. O-O Nd4 6. Ba4 a6 7. d3 b5 8. Bb3
Nxb3 9. axb3 Bb7 10. Bg5 d6 11. Ra2 h6 12. Be3 Nf6 13. Qd2 Ng4 14. Bf4 f5 15.
Nh4 Bxc3 16. Qxc3 e5 17. Nxg6 Rg8 18. exf5 exf4 19. Re1+ Kd7 20. f3 Ne3 21.
Nxf4 Nxg2 22. Nxg2 Bxf3 23. Kf2 Rxg2+ 24. Kxf3 Qg5 25. Re7+ Qxe7 26. Qe5 Qxe5
27. Kxg2 Qe2+ 28. Kg3 Rg8+ 29. Kh4 {Hossa resigns} 0-1

[Event "ICS rated blitz match"]
[Site "207.99.83.229"]
[Date "1999.06.25"]
[Round "?"]
[White "Secret"]
[Black "Hossa"]
[Result "1-0"]
[WhiteElo "2808"]
[BlackElo "2376"]
[PlyCount "78"]

1. e4 c5 2. Nc3 e6 3. Nge2 Nc6 4. d4 d5 5. exd5 exd5 6. dxc5 Nf6 7. Be3 Be7 8.
Nd4 O-O 9. Be2 Ne5 10. b4 a5 11. a3 Nc4 12. O-O Nxe3 13. fxe3 Re8 14. Na4 Ne4
15. Nb6 Rb8 16. Bb5 Rf8 17. c4 dxc4 18. Bxc4 Bf6 19. Qd3 Ng5 20. Bb5 h6 21.
Rac1 axb4 22. axb4 Be5 23. h4 Nh7 24. Qe4 Bg3 25. Nxc8 Qxc8 26. Nf5 Qc7 27. Bd3
g6 28. Nxh6+ Kh8 29. Qg4 Qe5 30. Rf3 Rbd8 31. Bc4 Bh2+ 32. Kh1 Nf6 33. Qh3 Qb2
34. Rff1 Kg7 35. Nxf7 Bc7 36. Rb1 Qd2 37. Nxd8 Qxd8 38. Qe6 Bg3 39. Rbd1 39...
Nd5 {Hossa resigns} 1-0

[Event "ICS rated blitz match"]
[Site "207.99.83.229"]
[Date "1999.06.25"]
[Round "?"]
[White "BabyBach"]
[Black "Hossa"]
[Result "0-1"]
[WhiteElo "888"]
[BlackElo "2374"]
[PlyCount "42"]

1. Nc3 e6 2. d4 Bb4 3. Nh3 Nf6 4. a4 O-O 5. f3 Nd5 6. Qd2 c5 7. Nf4 cxd4 8.
Nfxd5 exd5 9. Qf4 Qb6 10. Bd2 dxc3 11. bxc3 Bc5 12. Qh4 Nc6 13. Qg4 Bf2+ 14.
Kd1 Qc5 15. g3 Re8 16. h3 Be3 17. Ke1 Bg1 18. Qh5 Qf2+ 19. Kd1 Qxf1+ 20. Be1
Rxe2 21. Qh4 21... Qxe1# {BabyBach checkmated} 0-1

[Event "ICS rated blitz match"]
[Site "207.99.83.229"]
[Date "1999.06.25"]
[Round "?"]
[White "Hossa"]
[Black "TheComputer"]
[Result "0-1"]
[WhiteElo "2374"]
[BlackElo "2841"]
[PlyCount "85"]

1. e4 c5 2. Nc3 Nc6 3. g3 d6 4. Nf3 Bg4 5. Bg2 g6 6. d3 Bg7 7. Nd5 Nf6 8. Nxf6+
Bxf6 9. O-O Ne5 10. c3 O-O 11. Bh6 Re8 12. Qe2 Qb6 13. Rab1 Qa6 14. Rbd1 Qxa2
15. Rd2 Qe6 16. Qe3 Nxf3+ 17. Bxf3 Bxf3 18. Qxf3 a5 19. g4 a4 20. g5 Bh8 21.
Rb1 Rec8 22. Rdd1 b5 23. h4 Qb3 24. h5 b4 25. hxg6 hxg6 26. cxb4 cxb4 27. e5
Bxe5 28. Qe2 Rc2 29. Qe4 Rac8 30. d4 Bh2+ 31. Kg2 Qg3+ 32. Kh1 Rxf2 33. Rd3 Qf4
34. Re3 Rcc2 35. Qxf4 Bxf4 36. Re4 Bc1 37. Re1 Bxb2 38. Rbd1 Rf4 39. d5 Bd4 40.
Rxd4 Rxd4 41. Rf1 Rh4+ 42. Kg1 Rg4+ 43. Kh1 {Hossa resigns} 0-1

[Event "ICS Rated standard match"]
[Site "207.99.83.229"]
[Date "1999.06.26"]
[Round "?"]
[White "spunik"]
[Black "Hossa"]
[Result "0-1"]
[WhiteElo "1978"]
[BlackElo "2224"]
[PlyCount "52"]

1. e4 e5 2. Nf3 Nc6 3. Bb5 Bb4 4. a3 Bc5 5. O-O Nge7 6. c4 O-O 7. Nc3 f5 8. Re1
d6 9. b4 Bb6 10. Nd5 fxe4 11. Nxb6 axb6 12. Ng5 Nxb4 13. Nxe4 Nd3 14. Re3 Nxc1
15. Rxc1 Nf5 16. Rh3 Nd4 17. Rg3 c6 18. Ba4 Rxa4 19. Qxa4 Ne2+ 20. Kf1 Nxc1 21.
Qc2 Qh4 22. Ng5 Qxh2 23. Rh3 Bf5 24. Qxf5 Rxf5 25. Rxh2 Rxg5 26. Rh3 26... e4 {
spunik resigns} 0-1

[Event "ICS rated bullet match"]
[Site "207.99.83.229"]
[Date "1999.06.26"]
[Round "?"]
[White "Amateur"]
[Black "Hossa"]
[Result "1-0"]
[WhiteElo "2437"]
[BlackElo "2461"]
[PlyCount "121"]

1. Nf3 Nf6 2. g3 g6 3. b3 Bg7 4. Bb2 c5 5. Bg2 O-O 6. O-O d5 7. d4 cxd4 8. Nbd2
Bg4 9. Ne5 Qc8 10. Nxg4 Qxg4 11. Nf3 Nc6 12. Nxd4 Rae8 13. Nxc6 bxc6 14. Bd4 a6
15. Qd3 a5 16. Bf3 Qh3 17. Qc3 c5 18. Qxc5 e5 19. Bc3 a4 20. bxa4 d4 21. Bb4
Ng4 22. Bxg4 Qxg4 23. Qd5 Rd8 24. Qf3 Qxf3 25. exf3 Rfe8 26. Rab1 Rc8 27. Rb2
e4 28. fxe4 d3 29. c3 Rxe4 30. f3 Rec4 31. Rb3 Bxc3 32. Bxc3 Rxc3 33. Rd1 R8c5
34. Rxd3 Rc1+ 35. Kg2 R5c2+ 36. Kh3 Rh1 37. Kg4 Rxa2 38. Ra3 Raxh2 39. a5 Rg1
40. a6 f5+ 41. Kf4 g5+ 42. Kxg5 Rxg3+ 43. Kf4 Rg1 44. Rd8+ Kf7 45. a7 Rh4+ 46.
Ke5 Re1+ 47. Kxf5 Rh5+ 48. Kg4 Ree5 49. a8=Q Rhg5+ 50. Kf4 Rgf5+ 51. Kg3 Rg5+
52. Kf2 Re7 53. Rh8 Rh5 54. Qf8+ Ke6 55. Re3+ Kd5 56. Qxe7 Rh2+ 57. Kg1 Rc2 58.
Qb7+ Rc6 59. Qb5+ Kd6 60. Rd8+ Kc7 61. Qb8# {Hossa checkmated} 1-0

[Event "ICS Rated blitz match"]
[Site "207.99.83.229"]
[Date "1999.06.26"]
[Round "?"]
[White "e4c5no"]
[Black "Hossa"]
[Result "1/2-1/2"]
[WhiteElo "2140"]
[BlackElo "2372"]
[PlyCount "114"]

1. c4 g6 2. Nc3 c5 3. g3 Bg7 4. Bg2 Nc6 5. Nf3 Nf6 6. O-O O-O 7. Rb1 d6 8. d3
Ng4 9. h3 Nf6 10. a3 Be6 11. Ng5 Qd7 12. e4 h6 13. Nxe6 fxe6 14. f4 Qe8 15. f5
exf5 16. exf5 e5 17. fxg6 Qxg6 18. Kh2 Rf7 19. Nd5 Raf8 20. b4 Nh5 21. g4 Rxf1
22. Bxf1 Rf2+ 23. Kg1 Rf7 24. Bg2 Nf6 25. bxc5 dxc5 26. Nxf6+ Qxf6 27. Bd5 Qf2+
28. Kh1 Kh8 29. Bxf7 Qxf7 30. Be3 b6 31. Qf1 Qe7 32. Qf5 Nd4 33. Bxd4 cxd4 34.
Qc8+ Bf8 35. Rf1 Kg8 36. Kg2 e4 37. dxe4 Qxe4+ 38. Rf3 Qe2+ 39. Rf2 Qe4+ 40.
Kh2 Qe5+ 41. Kg2 Qe4+ 42. Kh2 Qe5+ 43. Kg1 Qg3+ 44. Kf1 Qxh3+ 45. Ke1 Qxa3 46.
Qe6+ Kh8 47. Qe8 Qc1+ 48. Ke2 Qxc4+ 49. Ke1 Qc1+ 50. Ke2 Qc2+ 51. Ke1 Qb1+ 52.
Ke2 d3+ 53. Kf3 Qd1+ 54. Kg3 Qg1+ 55. Rg2 Qf1 56. Rf2 Qg1+ 57. Rg2 57... Qf1 {
Game drawn by mutual agreement} 1/2-1/2

[Event "ICS rated blitz match"]
[Site "207.99.83.229"]
[Date "1999.06.26"]
[Round "?"]
[White "Hossa"]
[Black "blunite"]
[Result "1-0"]
[WhiteElo "2363"]
[BlackElo "2280"]
[PlyCount "91"]

1. e4 e5 2. f4 exf4 3. Nf3 h6 4. Bc4 d6 5. O-O g5 6. d4 Bg7 7. h3 Nc6 8. d5 Ne5
9. Be2 Nxf3+ 10. Bxf3 Ne7 11. Nd2 O-O 12. Nc4 Ng6 13. Qd3 Ne5 14. Nxe5 Bxe5 15.
c3 Kg7 16. Bh5 c5 17. Qf3 Bd7 18. Bg4 Qc8 19. Bxd7 Qxd7 20. h4 Rh8 21. Qh5 Qe7
22. Bd2 Rag8 23. Rf2 Kf8 24. Qg4 h5 25. Qc8+ Kg7 26. Qf5 f6 27. Raf1 Rf8 28. a3
Rf7 29. hxg5 fxg5 30. Qh3 Qd7 31. Qf3 Qg4 32. Qd3 h4 33. Qf3 Qd7 34. c4 g4 35.
Qd3 Rhf8 36. Bc3 Qe7 37. b4 b6 38. bxc5 bxc5 39. Kh1 Qg5 40. Rg1 Rh8 41. Bxe5+
Qxe5 42. Qe2 Qg5 43. Qb2+ Qe5 44. Qe2 Qg5 45. Qb2+ Kg6 46. Qxh8 {
blunite resigns} 1-0

[Event "ICS Rated standard match"]
[Site "207.99.83.229"]
[Date "1999.06.26"]
[Round "?"]
[White "attakinski"]
[Black "Hossa"]
[Result "1-0"]
[WhiteElo "2579"]
[BlackElo "2235"]
[PlyCount "110"]

1. e4 c5 2. Nf3 Nc6 3. d4 cxd4 4. Nxd4 e5 5. Nb5 d6 6. N1c3 a6 7. Na3 b5 8. Nd5
Nce7 9. c4 Nxd5 10. exd5 bxc4 11. Nxc4 Nf6 12. Be3 Be7 13. Nb6 Rb8 14. Qa4+ Bd7
15. Qxa6 O-O 16. Bd3 e4 17. Bc4 Ng4 18. Nxd7 Qxd7 19. Bd4 Qf5 20. O-O Bf6 21.
Bxf6 Qf4 22. g3 Qxf6 23. Be2 Ne5 24. b3 Qh6 25. Qa4 f5 26. Rfd1 Qh3 27. Kh1 f4
28. Qa7 Rbe8 29. Rg1 Kh8 30. gxf4 Ng6 31. Qc7 Rf6 32. Bg4 Qh4 33. Rae1 Qxf2 34.
f5 Ne5 35. Rxe4 Rg8 36. Bh3 Qd2 37. Ra4 Qxd5+ 38. Bg2 Qd2 39. Be4 Rff8 40. Qc1
Qe2 41. Qf1 Qe3 42. Bd5 Nf7 43. Rh4 Qe7 44. f6 gxf6 45. Rxh7+ Kxh7 46. Qf5+ Kh8
47. Qh3+ Nh6 48. Qxh6+ Qh7 49. Rxg8+ Rxg8 50. Qxf6+ Qg7 51. Qh4+ Qh7 52. Qxh7+
Kxh7 53. Bxg8+ Kg6 54. a4 Kf6 55. a5 55... Ke7 {Hossa resigns} 1-0